00343nam a2200133Ia 4500008004100000020001500041041001200056082001100068100001500079245005200094260003500146300000900181650001900190221030s9999 xx 000 0 und d a8121903459 aEnglish a105.23 aH. K. Dass 0aAdvanced Engineering Mathematicscby H. K. Dass bS.Chand & Co.aNew Delhic2011 a1358 aBE Mathematics